| 000 | 00705nam a22001817a 4500 | ||
|---|---|---|---|
| 008 | 130322b be ||||| |||| 00| 0 eng d | ||
| 020 | _a97890429268059 | ||
| 100 | _aRochester, Kathleen M. | ||
| 245 |
_aProphetic ministry in Jeremiah and Ezekiel / _cKathleen M. Rochester. |
||
| 260 |
_aLeuven : _bPeeters, _c2012. |
||
| 300 |
_ax, 261 p. ; _c23 cm. |
||
| 490 |
_aContributions to biblical exegesis & theology ; _vv. 65 |
||
| 500 | _aRevised thesis (Ph. D.) - Durham University. | ||
| 504 | _aIncludes bibliographical references and indexes. | ||
| 630 |
_aBible. _pO.T. _pEzekiel _xCriticism, interpretation, etc. |
||
| 630 |
_aBible. _pO.T. _pJeremiah _xCriticism, interpretation, etc. |
||
| 942 |
_2lcc _cBK |
||
| 999 |
_c36326 _d36326 |
||